Código civil y comercial de la Nación : Ley 26.994 /

Guardado en:
Otros Autores: Lorenzetti, Ricardo Luis., Highton de Nolasco, Elena., Kemelmajer de Carlucci, Aída.
Formato: Libro
Idioma:Undetermined
Publicado: Santa Fe : Rubinzal - Culzoni, 2014.
Edición:1a. ed.
Materias:
Etiquetas: Agregar Etiqueta
Sin Etiquetas, Sea el primero en etiquetar este registro!
LEADER 00610nam a22001935a 4500
001 DER.der015047
008 241029s2014####xx############000#0#und#d
005 20241029084007.0
245 1 0 |a Código civil y comercial de la Nación :  |b Ley 26.994 /  |c Argentina. 
250 |a 1a. ed. 
260 |a Santa Fe :  |b Rubinzal - Culzoni,  |c 2014. 
300 |a 644 p. 
020 |a 9789873005312 
240 1 0 |a Argentina - Códigos 
700 1 |a Lorenzetti, Ricardo Luis. 
700 1 |a Highton de Nolasco, Elena. 
700 1 |a Kemelmajer de Carlucci, Aída. 
650 7 |a DERECHO CIVIL 
859 |a DERECHO  |b BIB. DERECHO  |h 348.023  |i ARG  |p 0010506